| 000 | 01838cam a22004574i 4500 | ||
|---|---|---|---|
| 003 | PE-LiUPU | ||
| 005 | 20250731173005.0 | ||
| 008 | 150623s1995 xxu rb 000 0 eng d | ||
| 020 | _a0805461760 | ||
| 035 | _a(Sirsi) i9780805461763 | ||
| 040 |
_aPE-LiUPU _bspa _cPE-LiUPU _erda |
||
| 049 | _aPRUA | ||
| 082 | 0 | 4 |
_a235.3 _bG25 _221 |
| 100 | 1 |
_aGarrett, Duane A., _eautor. |
|
| 245 | 1 | 0 |
_aAngels and the new spirituality / _cDuane A. Garrett. |
| 264 | 1 |
_aNashville, Tennessee : _bBroadman & Holman Publishers, _c1995. |
|
| 300 |
_a261 páginas ; _c23 centímetros |
||
| 336 |
_atext _2rdacontent |
||
| 337 |
_aunmediated _2rdamedia |
||
| 338 |
_avolume _2rdacarrier |
||
| 504 | _eIncluye bibliografía. | ||
| 505 | 0 | _asecret Things -- Something of an angel Light -- auld Hornie, Satan, Nick, or Clootie -- To Which of the Angels -- Nobody in Particular -- O World Unknowable -- ecisely Where angels Dwell -- Bats Not Angels -- Spirits from the Vasty Deep -- Goden Opinions from All Sorts of People -- More things in Heaven and Earth -- Improbable fiction -- The Great Enemy of Truth -- Familiar Spirits. | |
| 526 | _aSEG42 | ||
| 526 | _aSEG41 | ||
| 526 | _aSEG40 | ||
| 526 | _aSEG39 | ||
| 526 | _aP94 | ||
| 526 | _aP87 | ||
| 526 | _aP86 | ||
| 526 | _aP85 | ||
| 526 | _aP77 | ||
| 526 | _aP76 | ||
| 526 | _aP35 | ||
| 650 | 1 | 4 |
_aÁngeles _xEnseñanza bíblica. |
| 942 |
_2ddc _cBOOK |
||
| 949 |
_a235.3 G25 _wDEWEY _c1 _i45678 _lCCODEBUL1 _mBUL _r0 _sY _tBOOK _u2015-6-24 _xTEOLOGIA _PP35 _0COMPRA _o.STAFF. Colección Teología |
||
| 994 |
_aC0 _bPEPRU |
||
| 596 | _a1 | ||
| 999 |
_a235.3 G25 _wDEWEY _c22555 _i45678 _d22555 _e2022-4-21 _f2021-11-10 _g5 _lCCODEBUL1 _mBUL _n2 _p30.00 _r0 _sY _tBOOK _u2015-6-24 _xTEOLOGIA _PP35 _0COMPRA _o.STAFF. Colección Teología |
||
| 980 |
_81 _gALBERTO SANCHEZ Responsable de Automatización |
||